Music analysis in theory and practice
Saved in:
| Main Author: | |
|---|---|
| Other Authors: | |
| Format: | Book |
| Language: | English |
| Published: |
London :
Faber music in association with Faber and Faber,
1988
|
| Subjects: | |
| Tags: |
Add Tag
No Tags, Be the first to tag this record!
|
MARC
| LEADER | 00000nam a2200000 i 4500 | ||
|---|---|---|---|
| 001 | 1/81507 | ||
| 008 | 960613s1988 eng d | ||
| 020 | |a 0-571-10069-4 | ||
| 035 | |a 1988 |b 3 |c Αγορά/Τσαφταρίδης |l 10033709 | ||
| 040 | |a GR-MY-UA |b gre |e aacr | ||
| 041 | 0 | |a eng | |
| 082 | 0 | |a 780.15 | |
| 100 | 1 | |a Dunsby, Jonathan. | |
| 245 | 1 | 0 | |a Music analysis in theory and practice / |c Jonathan Dunsby, Arnold Whittall |
| 260 | |a London : |b Faber music in association with Faber and Faber, |c 1988 | ||
| 300 | |a 250 p. | ||
| 650 | 0 | 0 | |a Musical analysis. |
| 650 | 0 | 0 | |a Music appreciation. |
| 700 | 1 | |a Whittall, Arnold. | |
| 852 | |a INST |b RHODES |e 19960613 |h 780.15 DUN |p 005400003191 |q 005400003191 |t BK |y 0 | ||
| 909 | |a Ρ |b 012021 |c 1988 | ||